[Event "Kieler Open 2017-A"]
[Site "Kiel"]
[Date "2017.08.02"]
[Round "7.47"]
[White "Eberhardt, Michael"]
[Black "Maas, Kolja"]
[Result "0-1"]
[WhiteElo "1812"]
[BlackElo "1527"]
[Annotator "FS"]
[PlyCount "119"]


1. Nf3 Nf6 2. c4 Nc6 3. g3 e5 4. Bg2 Bc5 5. e3 O-O 6. Nc3 d6 7. h3 Ne8 8. Na4
f5 9. Nxc5 dxc5 10. O-O e4 11. Ne1 Nf6 12. b3 Nb4 13. Bb2 Nd3 14. Nxd3 Qxd3 15.
Re1 c6 16. Bf1 Qd6 17. d4 Be6 18. Qe2 b6 19. Rad1 Qe7 20. Bg2 Qf7 21. dxc5 bxc5
22. Rd2 Ne8 23. Red1 a5 24. Ba3 Qe7 25. Rb2 Rf7 26. Qd2 Bd7 27. Qc3 Nc7 28.
Rbd2 Be8 29. Rd6 Na6 30. Bb2 Nb4 31. R6d2 Nxa2 32. Qe5 Nb4 33. Qxe7 Rxe7 34.
Rd8 Raa7 35. Rc8 Kf7 36. Rdd8 Nd3 37. Bc3 a4 38. bxa4 Rxa4 39. Ra8 Rxc4 40. Ra3
g6 41. Bf1 Rd7 42. Rxd7+ Bxd7 43. Bxd3 exd3 44. Bd2 Ke6 45. Rxd3 Rc2 46. Ba5 c4
47. Rc3 Rxc3 48. Bxc3 Kd5 49. f3 g5 50. g4 f4 51. e4+ Ke6 52. Kh2 c5 53. h4 Kf7
54. hxg5 Kg6 55. Bf6 h6 56. Kg2 hxg5 57. Bc3 Kf7 58. Kf2 Ke6 59. Ke2 Ba4 60.
Bg7 0-1

[Event "Kieler Open 2017-A"]
[Site "Kiel"]
[Date "2017.08.02"]
[Round "7.48"]
[White "Wenske, Hardy"]
[Black "Schmieder, Kerstin"]
[Result "0-1"]
[WhiteElo "1826"]
[BlackElo "1674"]
[Annotator "FS"]
[PlyCount "111"]


1. Nf3 d5 2. d4 Bf5 3. e3 Nf6 4. Bd3 Bxd3 5. Qxd3 e6 6. Nbd2 c6 7. O-O Bd6 8.
e4 dxe4 9. Nxe4 Bc7 10. Re1 Nbd7 11. Bg5 h6 12. Bd2 Nxe4 13. Rxe4 Nf6 14. Re2
Qd6 15. g3 g5 16. Ne5 Rf8 17. a3 Qe7 18. Rae1 O-O-O 19. Bb4 Bd6 20. Ba5 Bc7 21.
Bxc7 Qxc7 22. Qf3 Ng8 23. c3 Ne7 24. Qh5 Nf5 25. Qf3 Rg8 26. g4 Nd6 27. Nd3 Rh8
28. Qg3 Rdg8 29. b4 h5 30. f3 hxg4 31. fxg4 Rh4 32. Ne5 Rgh8 33. Rg2 Rh3 34.
Qf2 Rxc3 35. Rg3 Rxg3+ 36. Qxg3 Nb5 37. Qf3 Nxd4 38. Qxf7 Qxf7 39. Nxf7 Nf3+
40. Kf2 Nxe1 41. Nxh8 Nd3+ 42. Kg3 Ne5 43. h4 gxh4+ 44. Kxh4 Kd7 45. Kg5 b6 46.
Kf4 Kd6 47. g5 Nd7 48. Nf7+ Ke7 49. Nh6 c5 50. bxc5 bxc5 51. Ng4 Kf7 52. Ne3
Kg6 53. Nc4 Nb6 54. Ne3 Nd5+ 55. Ke4 Nxe3 56. Kxe3 0-1

[Event "Kieler Open 2017-A"]
[Site "Kiel"]
[Date "2017.08.02"]
[Round "7.49"]
[White "Helmich, Jörg"]
[Black "Hoppe, Marc"]
[Result "1/2-1/2"]
[WhiteElo "1722"]
[BlackElo "1732"]
[Annotator "FS"]
[PlyCount "46"]


1. e4 c6 2. d4 d5 3. exd5 cxd5 4. c4 e6 5. Nc3 Nc6 6. Nf3 Nf6 7. Bg5 Be7 8.
cxd5 exd5 9. Bb5 a6 10. Ba4 O-O 11. O-O Bg4 12. Bxc6 bxc6 13. Re1 h6 14. Be3
Ne4 15. h3 Bh5 16. g4 Bg6 17. Ne5 Qd6 18. Nxg6 Qxg6 19. Nxe4 dxe4 20. Rc1 f5
21. f4 exf3 22. Qxf3 fxg4 23. Qxg4 Qxg4+ 1/2-1/2

[Event "Kieler Open 2017-A"]
[Site "Kiel"]
[Date "2017.08.03"]
[Round "8.1"]
[White "Kopylov, Michael"]
[Black "Krause, Benedict"]
[Result "0-1"]
[WhiteElo "2428"]
[BlackElo "2424"]
[PlyCount "66"]
[Annotator "JG"]

1. d4 Nf6 2. c4 g6 3. Nc3 d5 4. e3 Bg7 5. Qb3 e6 6. Qa3 a5 7. Nf3 c6 8. b3 Na6
9. Bd2 Ne4 10. Nxe4 dxe4 11. Ng1 c5 12. Rd1 O-O 13. Ne2 Bd7 14. dxc5 Qe7 15.
Nd4 Nxc5 16. Bc1 b6 17. Bb2 e5 18. Nb5 Bg4 19. Rd5 Be6 20. Rxe5 Rad8 21. Rxc5
bxc5 22. Bxg7 Kxg7 23. Qxa5 Bg4 24. Be2 Bxe2 25. Kxe2 Qg5 26. Nc3 Qg4+ 27. Ke1
Qxg2 28. Rf1 Rd3 29. Qxc5 Qf3 30. Ne2 Rfd8 31. Qe5+ Kg8 32. Qa1 Rd2 33. Nc3 Rc2
0-1

[Event "Kieler Open 2017-A"]
[Site "Kiel"]
[Date "2017.08.03"]
[Round "8.3"]
[White "Kuberczyk, Christoph"]
[Black "Jahncke, Giso"]
[Result "0-1"]
[WhiteElo "2177"]
[BlackElo "2340"]
[PlyCount "90"]
[Annotator "JG"]

1. d4 Nf6 2. c4 g6 3. Nc3 Bg7 4. e4 d6 5. Nf3 O-O 6. Be2 Na6 7. O-O e5 8. Re1
c6 9. Bf1 Bg4 10. d5 Nb4 11. Be2 a5 12. h3 Bd7 13. Be3 c5 14. Nd2 Ne8 15. Nb5
f5 16. f3 Qe7 17. a3 Na6 18. b4 axb4 19. axb4 cxb4 20. Qb3 Kh8 21. Ra5 Nf6 22.
Rea1 fxe4 23. Nxe4 Nxe4 24. fxe4 Nc5 25. Qb1 Rac8 26. Bf1 g5 27. Qxb4 Nxe4 28.
c5 Bxb5 29. cxd6 Nxd6 30. Rxb5 Qd8 31. Bb6 Qf6 32. Bc5 e4 33. Rd1 Nxb5 34. Bxf8
Bxf8 35. Qxb5 Bc5+ 36. Kh1 Bd6 37. Qb6 Qf4 38. Qg1 g4 39. g3 Qf3+ 40. Bg2 Qxg3
41. Bf1 Qf3+ 42. Bg2 Qf4 43. Rf1 Qg3 44. Rf5 Rc1 45. Bf1 Rxf1 0-1

[Event "Kieler Open 2017-A"]
[Site "Kiel"]
[Date "2017.08.03"]
[Round "8.4"]
[White "Kopylov, Daniel"]
[Black "Voloshin, Leonid"]
[Result "1/2-1/2"]
[WhiteElo "2172"]
[BlackElo "2382"]
[PlyCount "109"]
[Annotator "JG"]

1. e4 c6 (1... e6 2. d4 d5 3. Nc3 g6 4. Nf3 Bg7 5. h3 Nh6 6. exd5 exd5 7. Bb5+
Nc6 8. Bxh6 Bxh6 9. Ne5 Qd6 10. Qf3 O-O 11. Qxd5 Nxd4 12. Bd3 Qb6 13. Nc4 Qe6+
14. Qe4 Qxe4+ 15. Nxe4 Be6 16. Ne3 Rac8 17. c3 Nf5 18. Nxf5 Bxf5 19. Ke2 Rfd8
20. f3) 2. d4 d5 3. Nc3 g6 4. Nf3 Bg7 5. h3 Nh6 6. exd5 cxd5 7. Bb5+ Nc6 8.
Bxh6 Bxh6 9. Ne5 Qd6 10. Qf3 O-O 11. Qxd5 Nxd4 12. Bd3 Qb6 13. Nc4 Qe6+ 14. Qe4
Qxe4+ 15. Nxe4 Be6 16. Ne3 Rac8 17. c3 Nf5 18. Nxf5 Bxf5 19. Ke2 Rfd8 20. f3
Rc7 21. Rhd1 Be6 22. g4 Bf4 23. Kf2 Kg7 24. Ke2 b6 25. Nf2 Rcd7 26. Ne4 f5 27.
gxf5 Bxf5 28. Bb5 Rxd1 29. Rxd1 Rxd1 30. Kxd1 Bxh3 31. Ke2 Be6 32. a4 h5 33. b4
Bf5 34. Bc6 h4 35. c4 h3 36. Kf2 h2 37. Kg2 Bh3+ 38. Kh1 Bf1 39. c5 Be2 40. Nc3
Bc4 41. cxb6 axb6 42. Nd5 Bxd5 43. Bxd5 Bc7 44. a5 bxa5 45. bxa5 Bxa5 46. Kxh2
Kf6 47. Kg3 Kg5 48. Be4 Bd2 49. Kf2 Bf4 50. Ke2 Kf6 51. Kf2 g5 52. Kg2 Ke5 53.
Kh3 Kd4 54. Kg4 Ke3 55. Ba8 1/2-1/2

[Event "Kieler Open 2017-A"]
[Site "Kiel"]
[Date "2017.08.03"]
[Round "8.5"]
[White "Uksini, Bardhyl"]
[Black "Dittmann, Hans-Adolf"]
[Result "1-0"]
[WhiteElo "2304"]
[BlackElo "2073"]
[PlyCount "65"]
[Annotator "JG"]

1. d4 Nf6 2. c4 e6 3. Nf3 c5 4. d5 exd5 5. cxd5 d6 6. Nc3 g6 7. Bf4 a6 8. a4
Bg7 9. h3 O-O 10. e3 Nh5 11. Bh2 f5 12. Be2 f4 13. e4 Nd7 14. O-O Qe7 15. Re1
Rb8 16. Rc1 Kh8 17. Rc2 b5 18. axb5 axb5 19. e5 Nxe5 20. Nxe5 Bxe5 21. Bxh5
gxh5 22. Qxh5 b4 23. Ne4 Bd4 24. b3 Rf5 25. Qh6 Rxd5 26. Bxf4 Bg7 27. Bxd6 Qe8
28. Qf4 Rb6 29. Bxc5 Rc6 30. Rce2 Ba6 31. Nf6 Qxe2 32. Rxe2 Bxe2 33. Qe4 1-0

[Event "Kieler Open 2017-A"]
[Site "Kiel"]
[Date "2017.08.03"]
[Round "8.6"]
[White "Gaede, Derek"]
[Black "Syrov, Arkadi"]
[Result "1-0"]
[WhiteElo "2340"]
[BlackElo "2267"]
[PlyCount "95"]
[Annotator "JG"]

1. d4 Nf6 2. Nf3 d5 3. Bf4 c5 4. e3 Nc6 5. Nbd2 Qb6 6. dxc5 Qxb2 7. Rb1 Qc3 8.
Bb5 Bg4 9. O-O e6 10. Nb3 Ne4 11. Qd4 Bxf3 12. gxf3 Qxd4 13. exd4 Nc3 14. Bxc6+
bxc6 15. Rbe1 Kd7 16. Re3 Nb5 17. a4 Na3 18. Na5 Nxc2 19. Rd3 f6 20. Rb1 Nxd4
21. Rb7+ Kc8 22. Rc7+ Kd8 23. Nb7+ Ke8 24. Rxd4 e5 25. Rd1 g5 26. Bxe5 fxe5 27.
Re1 e4 28. fxe4 d4 29. Rd1 h5 30. Rxd4 Rh6 31. Rdd7 Re6 32. f3 g4 33. fxg4 hxg4
34. Rh7 Rxe4 35. Rh8 Re7 36. Nd6+ Kd8 37. Rxf8+ Kxc7 38. Rxa8 Re5 39. Rxa7+ Kb8
40. Ra5 Re2 41. Ra6 Kc7 42. Ra7+ Kd8 43. a5 Ra2 44. a6 g3 45. Ra8+ Kd7 46. hxg3
Ke6 47. a7 Kd5 48. Ne4 1-0

[Event "Kieler Open 2017-A"]
[Site "Kiel"]
[Date "2017.08.03"]
[Round "8.7"]
[White "Bente, Björn"]
[Black "Light, Bjarne"]
[Result "1-0"]
[WhiteElo "2310"]
[BlackElo "2196"]
[PlyCount "93"]
[Annotator "JG"]

1. c4 c5 2. Nc3 Nc6 3. Nf3 g6 4. e3 Bg7 5. d4 cxd4 6. exd4 d6 7. Be3 Bg4 8. Be2
Nf6 9. h3 Bxf3 10. Bxf3 O-O 11. O-O Rc8 12. Rc1 e5 13. Bxc6 Rxc6 14. dxe5 dxe5
15. Qxd8 Rxd8 16. Rfd1 Re8 17. Nb5 a6 18. Nd6 Rb8 19. Nxb7 Rcc8 20. Nd6 Rc6 21.
b3 Bf8 22. c5 Nh5 23. Nc4 f6 24. Nb6 Rb7 25. Rd8 Ng7 26. b4 Ne6 27. Ra8 Nc7 28.
Rc8 Kf7 29. a4 Ra7 30. Nd7 Be7 31. b5 axb5 32. axb5 Nxb5 33. Nxe5+ fxe5 34.
Rxc6 Nc7 35. Rb6 Nd5 36. Rb3 Rc7 37. c6 Ke6 38. Rb7 Rc8 39. Bb6 Bg5 40. Rc4 h5
41. c7 Kd7 42. Rb8 Ne7 43. Rc3 e4 44. Rc4 e3 45. fxe3 Nd5 46. Kf2 Bf6 47. e4
1-0

[Event "Kieler Open 2017-A"]
[Site "Kiel"]
[Date "2017.08.03"]
[Round "8.8"]
[White "Wichmann, Cliff"]
[Black "Haffner, Alexander"]
[Result "1-0"]
[WhiteElo "2297"]
[BlackElo "2113"]
[PlyCount "79"]
[Annotator "JG"]

1. d4 Nf6 2. Nf3 e6 3. g3 b6 4. Bg2 Bb7 5. c4 Bb4+ 6. Nbd2 O-O 7. O-O d5 8. Ne5
Nbd7 9. Nxd7 Qxd7 10. Nf3 Be7 11. Qc2 Rad8 12. Rd1 Qc8 13. c5 c6 14. b4 Nd7 15.
Bf4 Rfe8 16. Rac1 Ba6 17. Bf1 Bc4 18. Nd2 b5 19. Nxc4 bxc4 20. a4 a6 21. Rb1
Bf6 22. Bd6 Be7 23. Bf4 Bf6 24. Bd6 Be7 25. Bxe7 Rxe7 26. b5 axb5 27. axb5 cxb5
28. Rxb5 Qc6 29. Ra5 Ree8 30. Bg2 Ra8 31. Rxa8 Rxa8 32. Qxc4 Nb6 33. Qb3 Nd7
34. Rb1 f5 35. e3 Rb8 36. Qc2 Rxb1+ 37. Qxb1 Nf6 38. Bf1 Ne4 39. Qb8+ Kf7 40.
Bb5 1-0

[Event "Kieler Open 2017-A"]
[Site "Kiel"]
[Date "2017.08.03"]
[Round "8.9"]
[White "Böhm, Thomas"]
[Black "Junge, Ralph"]
[Result "1/2-1/2"]
[WhiteElo "2154"]
[BlackElo "2286"]
[PlyCount "131"]
[Annotator "JG"]

1. Nf3 c5 2. c4 Nf6 3. g3 b6 4. Bg2 Bb7 5. O-O g6 6. b3 Bg7 7. Bb2 O-O 8. e3 d5
9. cxd5 Qxd5 10. Ne1 Qd7 11. Bxb7 Qxb7 12. Qf3 Nc6 13. Na3 Rac8 14. Nc4 Rfd8
15. a4 Qd7 16. Rd1 Qe6 17. Bc3 Qh3 18. Qg2 Qe6 19. Qf3 Rd5 20. d3 Rh5 21. h4
Rd5 22. Ng2 Rd7 23. Nf4 Qf5 24. e4 Qg4 25. Qg2 Nh5 26. Nd5 Bxc3 27. Nxc3 Rcd8
28. Ne3 Qe6 29. Ncd5 Nd4 30. f4 Nxg3 31. Rf2 Nh5 32. f5 Qe5 33. fxg6 hxg6 34.
Nc4 Qg7 35. Rdf1 e6 36. Nde3 Nc6 37. Ng4 Rxd3 38. Rxf7 Rg3 39. Rxg7+ Kxg7 40.
Nge5 Nxe5 41. Nxe5 Rxg2+ 42. Kxg2 Rd2+ 43. Kh3 Re2 44. Rf7+ Kg8 45. Rxa7 Re3+
46. Kh2 Nf4 47. Rb7 Rxe4 48. Nd7 Nd5 49. Nxb6 Rxh4+ 50. Kg3 Rb4 51. Rb8+ Kf7
52. Nd7 Rxb8 53. Nxb8 Ke7 54. a5 Kd6 55. a6 Kc7 56. a7 Kb7 57. Nd7 Kxa7 58.
Nxc5 Nc7 59. Kf4 Kb6 60. Nd7+ Kb5 61. Nf8 Kb4 62. Nxg6 Kxb3 63. Ke5 Kc4 64. Nf4
Kc5 65. Nxe6+ Nxe6 66. Kxe6 1/2-1/2

[Event "Kieler Open 2017-A"]
[Site "Kiel"]
[Date "2017.08.03"]
[Round "8.10"]
[White "Müller, Jan Hendrik"]
[Black "Weber, Samuel"]
[Result "0-1"]
[WhiteElo "2109"]
[BlackElo "2123"]
[PlyCount "121"]
[Annotator "JG"]

1. e4 e5 2. Nf3 Nc6 3. Bc4 Nf6 4. d4 exd4 5. e5 d5 6. Bb5 Ne4 7. Nxd4 Bc5 8.
Be3 O-O 9. Nxc6 bxc6 10. Bxc5 Nxc5 11. Bxc6 Rb8 12. Qxd5 Qe7 13. O-O Rxb2 14.
Nc3 Rxc2 15. Qd4 Ba6 16. Nd5 Qg5 17. h4 Qh6 18. Ne3 Ne6 19. Qa4 Rxc6 20. Qxc6
Bxf1 21. Rxf1 Qxh4 22. Nd5 Nd4 23. Qa6 Qg5 24. f4 Qg4 25. Qc4 Ne2+ 26. Kf2 Ng3
27. Rc1 Qh4 28. Qxc7 Nh5+ 29. Kg1 Ng3 30. Rc4 h5 31. f5 Qh1+ 32. Kf2 Nxf5 33.
Rf4 Qb1 34. Qd7 Qxa2+ 35. Kf1 Qb1+ 36. Kf2 Qc2+ 37. Kg1 Ng3 38. Kh2 Ne2 39.
Ne7+ Kh7 40. Rf2 Qe4 41. Qf5+ Qxf5 42. Rxf5 g6 43. Rf6 Kg7 44. Ra6 Ra8 45. Nd5
Re8 46. Rxa7 Rxe5 47. Rd7 Re4 48. g3 Rd4 49. Nb6 Rxd7 50. Nxd7 g5 51. Kg2 Kg6
52. Ne5+ Kf6 53. Nd3 Kf5 54. Kf3 Nd4+ 55. Kg2 f6 56. Nc5 Ke5 57. Nd7+ Ke6 58.
Nc5+ Kd5 59. Nd7 Ke6 60. Nc5+ Kd6 61. Ne4+ {Rest unklar} 0-1

[Event "Kieler Open 2017-A"]
[Site "Kiel"]
[Date "2017.08.03"]
[Round "8.11"]
[White "Beeck, Mats"]
[Black "Besenthal, Klaus-Günther"]
[Result "1/2-1/2"]
[WhiteElo "2104"]
[BlackElo "2076"]
[PlyCount "91"]
[Annotator "JG"]

1. e4 Nc6 2. Nf3 d6 3. d4 Nf6 4. Nc3 g6 5. Be2 Bg7 6. O-O O-O 7. h3 e5 8. d5
Ne7 9. Be3 a6 10. a4 Bd7 11. a5 h6 12. Nd2 g5 13. Na4 Ng6 14. c4 Nf4 15. Bxf4
exf4 16. c5 Bxa4 17. Qxa4 dxc5 18. Qc2 Qe7 19. Rfc1 Rfe8 20. Bf3 Nd7 21. Rab1
Be5 22. Nc4 Bd4 23. Qd2 Ne5 24. Nxe5 Qxe5 25. b4 b6 26. Qc2 Rad8 27. Qd3 cxb4
28. axb6 Bxb6 29. Rxb4 a5 30. Rbc4 Rd6 31. Bg4 Ra8 32. Bf5 Kg7 33. Qf3 a4 34.
Qa3 Rf6 35. Qa1 Qxa1 36. Rxa1 a3 37. Rc3 Bd4 38. Rcxa3 Rxa3 39. Rxa3 Rb6 40.
Ra2 Rb1+ 41. Kh2 Rf1 42. g4 Rxf2+ 43. Rxf2 Bxf2 44. Kg2 Bd4 45. Kf3 Kf6 46. Bd7
1/2-1/2

[Event "Kieler Open 2017-A"]
[Site "Kiel"]
[Date "2017.08.03"]
[Round "8.12"]
[White "Hartwig, Frank"]
[Black "Pluska, Alexander"]
[Result "0-1"]
[WhiteElo "1984"]
[BlackElo "2205"]
[PlyCount "110"]
[Annotator "JG"]

1. e4 c5 2. Nf3 d6 3. c4 Nf6 4. Nc3 g6 5. d4 cxd4 6. Nxd4 Bg7 7. Be2 O-O 8. O-O
Nc6 9. Be3 Bd7 10. h3 Nxd4 11. Bxd4 Bc6 12. f3 a5 13. b3 Nd7 14. Bxg7 Kxg7 15.
Qd4+ Kg8 16. Rac1 Qb6 17. Qxb6 Nxb6 18. Rfd1 Rfc8 19. Rd4 Kf8 20. Kf2 Nd7 21.
Rcd1 Nc5 22. R4d2 Na6 23. f4 a4 24. Rb1 axb3 25. axb3 Nc5 26. Ke3 Ra3 27. Bd1
f6 28. g4 h6 29. h4 Kg7 30. Bc2 Ba4 31. Nd5 Kf7 32. Nb6 Rc6 33. Nxa4 Nxa4 34.
h5 gxh5 35. gxh5 Nb6 36. Bd3 Rc5 37. Rh2 Nd7 38. Rbb2 Rc8 39. Rhg2 Nc5 40. Bc2
Na4 41. Rb1 Rxc4 42. Bd3 Rc3 43. Rc2 Rcxb3 44. Rxb3 Rxb3 45. Kd2 b5 46. e5 Nb2
47. Bg6+ Ke6 48. exf6 Nc4+ 49. Rxc4 bxc4 50. f7 Rb8 51. Kc3 d5 52. Kd4 Rf8 53.
f5+ Kf6 54. Bh7 Kxf7 55. Kxd5 c3 0-1

[Event "Kieler Open 2017-A"]
[Site "Kiel"]
[Date "2017.08.03"]
[Round "8.13"]
[White "Saglam, Bülent"]
[Black "Lenhardt, Manfred"]
[Result "0-1"]
[WhiteElo "2076"]
[BlackElo "2096"]
[PlyCount "54"]
[Annotator "JG"]

1. e4 e6 2. d4 d5 3. Nd2 Nf6 4. e5 Nfd7 5. Bd3 c5 6. c3 Nc6 7. Ne2 cxd4 8. cxd4
f6 9. exf6 Nxf6 10. Nf3 Bd6 11. O-O Qc7 12. Bg5 O-O 13. Qc2 Qf7 14. a3 e5 15.
dxe5 Nxe5 16. Nxe5 Bxe5 17. Bf4 Bxf4 18. Nxf4 g5 19. Ne2 Nh5 20. Qc5 Be6 21.
Qd4 Qg7 22. Rae1 Qh6 23. Qe5 Rae8 24. Nd4 Nf4 25. Bf5 Bd7 26. Bxd7 Rxe5 27.
Rxe5 Qg7 0-1

[Event "Kieler Open 2017-A"]
[Site "Kiel"]
[Date "2017.08.03"]
[Round "8.14"]
[White "Fernandez, Michael"]
[Black "Neuendorf, Max"]
[Result "1-0"]
[WhiteElo "2236"]
[BlackElo "1892"]
[PlyCount "39"]
[Annotator "JG"]

1. c4 c5 2. g3 g6 3. Nc3 Bg7 4. Bg2 Nc6 5. d3 e6 6. Nf3 Nge7 7. O-O O-O 8. Bg5
h6 9. Bf4 d6 10. a3 Qd7 11. Ne4 e5 12. Bxh6 f5 13. Bxg7 Kxg7 14. Nc3 b6 15. e3
Bb7 16. d4 e4 17. Ng5 cxd4 18. exd4 d5 19. f3 exf3 20. Bxf3 1-0

[Event "Kieler Open 2017-A"]
[Site "Kiel"]
[Date "2017.08.03"]
[Round "8.15"]
[White "Wanner, Lukas"]
[Black "Niering, Martin"]
[Result "0-1"]
[WhiteElo "2008"]
[BlackElo "2225"]
[PlyCount "116"]
[Annotator "JG"]

1. c4 e5 2. g3 Nc6 3. Bg2 d6 4. Nc3 Be6 5. d3 Qd7 6. e3 g6 7. Nge2 Bg7 8. h4 h5
9. Nd5 Nh6 10. e4 f6 11. O-O Nd8 12. d4 c6 13. Ne3 Bh3 14. dxe5 dxe5 15. Qb3
Be6 16. Rd1 Qf7 17. Qc2 O-O 18. a4 f5 19. f4 Qc7 20. Ra3 Ndf7 21. c5 Rae8 22.
b4 Kh7 23. Bb2 Bc8 24. b5 Nd8 25. Nc4 Ndf7 26. bxc6 Qxc6 27. Nd6 Nxd6 28. Rxd6
Qc7 29. Qc4 b6 30. Nc3 bxc5 31. Nb5 Qe7 32. Qxc5 exf4 33. Bxg7 Qxg7 34. Rc6
fxe4 35. Rc7 Bd7 36. Nd6 Re5 37. Qxa7 Re7 38. Bxe4 fxg3 39. Rac3 Ng4 40. Qc5
Ne5 41. Bg2 Qf6 42. Ne4 Qxh4 43. Rxg3 Rf5 44. Qe3 Ng4 45. Rh3 Nxe3 46. Rxh4
Nxg2 47. Kxg2 Kh6 48. Rc4 g5 49. Rh3 Rxe4 50. Rc7 Re2+ 51. Kg1 Rd5 52. Rf3 Rd1+
53. Rf1 Rxf1+ 54. Kxf1 Bg4 55. a5 Ra2 56. Rc6+ Kg7 57. a6 Be2+ 58. Ke1 Bxa6 0-1

[Event "Kieler Open 2017-A"]
[Site "Kiel"]
[Date "2017.08.03"]
[Round "8.16"]
[White "Horn, Peter"]
[Black "Röttig, Hans-Peter"]
[Result "0-1"]
[WhiteElo "2094"]
[BlackElo "2078"]
[PlyCount "114"]
[Annotator "JG"]

1. Nf3 d6 2. d4 f5 3. c4 Nf6 4. Nc3 g6 5. b4 Bg7 6. Bb2 O-O 7. e3 Nc6 8. b5 Na5
9. Qc2 c6 10. a4 Be6 11. Nd2 Bf7 12. Be2 Rc8 13. O-O e5 14. dxe5 dxe5 15. Rfd1
Qc7 16. e4 f4 17. Ba3 Rfd8 18. c5 Rd4 19. Qb2 Qe7 20. Bb4 Rxd2 21. Rxd2 Nb3 22.
Rad1 Nxd2 23. Rxd2 Rd8 24. Bd1 Rd4 25. f3 Qd8 26. Nb1 g5 27. Bb3 h5 28. Bxf7+
Kxf7 29. bxc6 bxc6 30. Bc3 Rxd2 31. Nxd2 Qd3 32. Qb3+ Kg6 33. Nc4 Nd7 34. Nd6
Qe3+ 35. Kf1 Qd3+ 36. Ke1 Qe3+ 37. Kf1 Qd3+ 38. Ke1 Kh7 39. Qb4 Qe3+ 40. Kf1
Nxc5 41. Nf5 Qc1+ 42. Ke2 Qc2+ 43. Bd2 Qd3+ 44. Ke1 Nb3 45. Nxg7 Qxd2+ 46. Qxd2
Nxd2 47. Kxd2 Kxg7 48. Kc3 Kf6 49. Kc4 Ke6 50. Kc5 Kd7 51. a5 Kc7 52. h3 Kd7
53. Kb4 Kd6 54. Kc4 a6 55. Kb4 c5+ 56. Kc3 Kc6 57. Kc4 h4 0-1

[Event "Kieler Open 2017-A"]
[Site "Kiel"]
[Date "2017.08.03"]
[Round "8.17"]
[White "Tresch, Lukas"]
[Black "Möller, Dustin"]
[Result "1-0"]
[WhiteElo "2038"]
[BlackElo "2079"]
[PlyCount "65"]
[Annotator "JG"]

1. e4 e6 2. d4 d5 3. Nd2 c5 4. exd5 exd5 5. Bb5+ Bd7 6. Qe2+ Qe7 7. Bxd7+ Nxd7
8. dxc5 Nxc5 9. Ngf3 Qxe2+ 10. Kxe2 Bd6 11. Nb3 Ne7 12. Be3 Rc8 13. c3 O-O 14.
Rhe1 a6 15. Nxc5 Bxc5 16. Bxc5 Rxc5 17. Kd3 Rc7 18. Re2 Rd8 19. Rae1 Kf8 20.
Nd4 Rcd7 21. g3 Nc6 22. Re3 Nxd4 23. Kxd4 Rc7 24. Re5 b5 25. b3 h6 26. R1e3
Rcd7 27. Rf3 f6 28. Rff5 Kf7 29. Rxd5 Ke6 30. c4 bxc4 31. bxc4 g6 32. Rxd7
Rxd7+ 33. Rd5 1-0

[Event "Kieler Open 2017-A"]
[Site "Kiel"]
[Date "2017.08.03"]
[Round "8.18"]
[White "Buchholz, Sebastian"]
[Black "Jordan, Christian"]
[Result "1/2-1/2"]
[WhiteElo "2134"]
[BlackElo "2182"]
[PlyCount "77"]
[Annotator "JG"]

1. e4 e6 2. d4 d5 3. e5 c5 4. c3 Bd7 5. Be3 Qb6 6. Qd2 cxd4 7. cxd4 Bb5 8. Ne2
Ne7 9. Nbc3 Ba6 10. Na4 Qd8 11. Nc5 Nf5 12. Nxa6 Nxa6 13. Nc3 Nc7 14. Bf4 Be7
15. Rc1 O-O 16. Be2 Nh4 17. O-O Ng6 18. Be3 Rc8 19. Rc2 Na8 20. f4 f5 21. Rb1
Nb6 22. b3 Bb4 23. Qc1 Qe7 24. Nd1 Rxc2 25. Qxc2 Rc8 26. Qd3 Nf8 27. Rc1 Rxc1
28. Bxc1 Nfd7 29. g4 g6 30. Qg3 Ba3 31. Bd2 Bb4 32. Be3 Nf8 33. Bd3 fxg4 34.
Qxg4 Qg7 35. Bf2 Nc8 36. Bh4 Be7 37. Be1 Bd8 38. Ne3 Ne7 39. Bh4 1/2-1/2

[Event "Kieler Open 2017-A"]
[Site "Kiel"]
[Date "2017.08.03"]
[Round "8.19"]
[White "Voelzke, Ferdinand"]
[Black "Sasaki, yu"]
[Result "0-1"]
[WhiteElo "2134"]
[BlackElo "1732"]
[PlyCount "66"]
[Annotator "JG"]

1. Nf3 d5 2. g3 c6 3. Bg2 Bg4 4. O-O e6 5. d3 Bd6 6. c4 Nd7 7. cxd5 cxd5 8. Nc3
a6 9. e4 Ne7 10. exd5 exd5 11. Qa4 Be6 12. Nd4 O-O 13. Nxe6 fxe6 14. Qg4 Nf5
15. Qd1 Bc5 16. Ne2 Qb6 17. b4 Qxb4 18. a4 Qb6 19. a5 Qa7 20. Nf4 Rae8 21. Rb1
Nf6 22. Qb3 Rf7 23. Bb2 Ng4 24. Nxe6 Bxf2+ 25. Kh1 Nxg3+ 26. hxg3 Rxe6 27. Bc1
Re5 28. Bh3 Rh5 29. Kg2 Ne3+ 30. Bxe3 Qxe3 31. d4 Qe4+ 32. Kh2 Rf3 33. Qxb7
Bxg3+ 0-1

[Event "Kieler Open 2017-A"]
[Site "Kiel"]
[Date "2017.08.03"]
[Round "8.20"]
[White "Basey, Matthew"]
[Black "Arndt, Magnus"]
[Result "0-1"]
[WhiteElo "1793"]
[BlackElo "2072"]
[PlyCount "72"]
[Annotator "JG"]

1. d4 Nf6 2. Bf4 d5 3. e3 c5 4. Nf3 Nc6 5. c3 Qb6 6. Qb3 c4 7. Qc2 Bf5 8. Qc1
e6 9. h3 h6 10. g4 Bh7 11. Nbd2 Qd8 12. Ne5 Nxe5 13. dxe5 Nd7 14. Bg2 Nc5 15.
Bf1 Be7 16. b4 Nd3+ 17. Bxd3 Bxd3 18. Bg3 h5 19. Qd1 Qd7 20. gxh5 O-O-O 21. a4
Rh7 22. Qg4 Rdh8 23. Qd4 Kb8 24. e4 Ka8 25. f4 Rxh5 26. Bf2 b6 27. Qe3 g5 28.
exd5 Qxd5 29. O-O-O gxf4 30. Qxf4 Rf5 31. Qg3 Qc6 32. Kb2 Qxa4 33. Rc1 Bxb4 34.
Nxc4 Bxc4 35. cxb4 Rxf2+ 36. Qxf2 Qa2+ 0-1

[Event "Kieler Open 2017-A"]
[Site "Kiel"]
[Date "2017.08.03"]
[Round "8.21"]
[White "Gutschenreiter, Donato"]
[Black "Neumann, Frank"]
[Result "1-0"]
[WhiteElo "1714"]
[BlackElo "2072"]
[PlyCount "81"]
[Annotator "JG"]

1. e4 g6 2. d4 Bg7 3. Nc3 c6 4. Be3 d5 5. exd5 cxd5 6. Qd2 Nc6 7. Bb5 Qa5 8.
Nxd5 Qxd2+ 9. Bxd2 Kd8 10. c3 e6 11. Bxc6 bxc6 12. Nb4 Ne7 13. Nf3 f6 14. Nd3
Nf5 15. Nc5 Nd6 16. Bf4 Bf8 17. O-O Nb7 18. Nxb7+ Bxb7 19. Rfe1 Bc8 20. h4 h5
21. Rad1 Kd7 22. Rd3 Bd6 23. Ne5+ Bxe5 24. dxe5+ Ke8 25. exf6 Rh7 26. Red1 Rb7
27. b3 Kf7 28. Be5 Rb5 29. f4 Rd5 30. c4 Rxd3 31. Rxd3 Ke8 32. Rd6 Bd7 33. Kf2
a6 34. Ke3 Ra7 35. Kd4 Rb7 36. b4 a5 37. bxa5 Ra7 38. Kc5 Rxa5+ 39. Kb6 Rxa2
40. f7+ Ke7 41. Rxd7+ 1-0

[Event "Kieler Open 2017-A"]
[Site "Kiel"]
[Date "2017.08.03"]
[Round "8.22"]
[White "Rieper, Julian"]
[Black "Fleischmann, Yannic"]
[Result "1-0"]
[WhiteElo "2048"]
[BlackElo "1614"]
[PlyCount "109"]
[Annotator "JG"]

1. e4 e5 2. Nf3 Nc6 3. Bb5 a6 4. Ba4 Nf6 5. O-O b5 6. Bb3 Be7 7. Re1 d6 8. c3
Na5 9. Bc2 c5 10. h3 O-O 11. d4 Qc7 12. Nbd2 Bd7 13. Nf1 cxd4 14. cxd4 Rac8 15.
Re2 Qb8 16. Ng3 g6 17. Bg5 Rfd8 18. d5 Kg7 19. b3 Nb7 20. b4 Rc3 21. Bd3 Rdc8
22. Bc1 Be8 23. Bb2 R3c7 24. Qd2 Nd7 25. Nh2 Kg8 26. f4 Bf6 27. Ng4 Bg7 28. f5
Nf6 29. Nh6+ Kh8 30. Rf1 Ng8 31. Nxg8 Kxg8 32. f6 Bf8 33. Qg5 Kh8 34. Kh2 Qa8
35. a3 a5 36. Ra1 Qa7 37. Nh1 Qb6 38. Ree1 Bd7 39. Qd2 Be8 40. Nf2 Bd7 41. Ng4
Be8 42. Nh6 Ra8 43. h4 Nd8 44. h5 Rca7 45. Rf1 axb4 46. axb4 Qb7 47. Qg5 Ra2
48. Rxa2 Rxa2 49. Bc1 Qa7 50. Be3 Qa3 51. hxg6 fxg6 52. f7 Nxf7 53. Nxf7+ Bxf7
54. Rxf7 Kg8 55. Qf6 1-0

[Event "Kieler Open 2017-A"]
[Site "Kiel"]
[Date "2017.08.03"]
[Round "8.23"]
[White "Bendel, Ralf"]
[Black "Krieglstein, Marcel"]
[Result "1-0"]
[WhiteElo "2124"]
[BlackElo "1930"]
[PlyCount "47"]
[Annotator "JG"]

1. e4 d5 2. exd5 Qxd5 3. Nc3 Qa5 4. d4 Nf6 5. Bc4 Bf5 6. Bd2 c6 7. Nd5 Qd8 8.
Nxf6+ gxf6 9. Ne2 Nd7 10. Bb3 Bg7 11. Ng3 Bg6 12. Qe2 Nb6 13. Rd1 h5 14. h4 e6
15. O-O f5 16. Bxe6 Qxh4 17. Nxf5 Bxf5 18. Bxf5+ Kf8 19. Bb4+ Kg8 20. Rfe1 Bxd4
21. Rxd4 Qxd4 22. Bc3 Qc5 23. Qd3 h4 24. Qe4 1-0

[Event "Kieler Open 2017-A"]
[Site "Kiel"]
[Date "2017.08.03"]
[Round "8.24"]
[White "Ritter, Uwe"]
[Black "Untiedt, Urs Arved"]
[Result "1-0"]
[WhiteElo "2056"]
[BlackElo "1720"]
[PlyCount "67"]
[Annotator "JG"]

1. e4 e5 2. Nf3 Nc6 3. Bc4 Bc5 4. c3 Nf6 5. d3 d6 6. Nbd2 O-O 7. h3 a6 8. Bb3
Be6 9. O-O d5 10. Bc2 Re8 11. Re1 b5 12. Qe2 h6 13. Nxe5 Nxe5 14. d4 Bd6 15.
dxe5 Bxe5 16. Nf3 Bc8 17. Nxe5 Rxe5 18. Bf4 Re8 19. e5 Bb7 20. Rad1 Qe7 21. Qe3
Ne4 22. f3 g5 23. Bh2 Nc5 24. b4 Nd7 25. h4 f6 26. hxg5 hxg5 27. Bg6 Nxe5 28.
Bxe8 Rxe8 29. f4 d4 30. Qg3 dxc3 31. fxe5 Qxb4 32. exf6 Rxe1+ 33. Rxe1 c2 34.
Qxg5+ 1-0